Les podiums des records des coupes du monde en football - Statistiques

Statistiques générales
  • Ce quiz a été pris 36 fois
  • Le résultat moyen est 20 sur 73
Statistiques - réponses
Coupes remportées Indice Pays % Correct
Finale avec le plus de buts marqués (année) 6 2022
65%
Equipe ayant marqué le plus de buts en finale 5 Brésil
65%
Equipe n'ayant perdu aucun match pendant une édition (avant tab) 7 fois Brésil
65%
Finales consécutives 3 Brésil
58%
Finale avec le plus de buts marqués (année) 6 2018
55%
Nombre de participations 22 Brésil
55%
% de victoires 66.70 Brésil
55%
Coupes remportées 4 Allemagne
52%
Coupes remportées 5 Brésil
52%
Equipe championne ayant encaissé le moins de buts 2 France
52%
Coupes remportées 4 Italie
52%
Nombre de participations 20 Allemagne
48%
% de victoires 60.70 Allemagne
48%
Equipe championne ayant encaissé le moins de buts 2 Italie
48%
Finales consécutives 2 France
45%
Equipe ayant marqué le plus de buts en finale 4 France
45%
Equipe n'ayant perdu aucun match pendant une édition (avant tab) 3 fois France
45%
Participation à une finale 8 Allemagne
42%
Participation à une finale 7 Brésil
42%
Nombre de buts marqués 237 Brésil
42%
Participation à une finale 6 Italie
42%
Equipe n'ayant perdu aucun match pendant une édition (avant tab) 6 fois Italie
42%
Finale avec le plus de buts marqués (année) 7 1958
39%
Finale avec le plus de buts marqués (année) 5 1970
39%
Finale avec le plus de buts marqués (année) 5 1986
39%
Finales consécutives 3 Allemagne
39%
Equipe ayant marqué le plus de buts en finale 3 Argentine
39%
Equipe championne ayant encaissé le moins de buts 2 Espagne
39%
Finales consécutives 2 Italie
39%
Nombre de participations 18 Italie
39%
Nombre de participations 18 Argentine
35%
Finale avec le plus de buts marqués (année) 6 1930
32%
Finale avec le plus de buts marqués (année) 6 1938
32%
Finale avec le plus de buts marqués (année) 5 1954
32%
Finale avec le plus de buts marqués (année) 6 1966
32%
Nombre de buts marqués 232 Allemagne
32%
Nombre de matchs disputés 114 Brésil
32%
Equipe ayant marqué le plus de buts en finale 4 Italie
32%
Equipe ayant marqué le plus de buts en finale 3 Allemagne
29%
Nationalité des joueurs ayant marqués le plus de buts en une édition 13 Français
29%
Nombre de matchs disputés 112 Allemagne
26%
Nombre de buts marqués 152 Argentine
26%
Finales consécutives 2 Pays-Bas
23%
Equipe ayant marqué le plus de buts en finale 4 Uruguay
23%
Equipe ayant marqué le plus de buts en finale 4 Angleterre
19%
Equipe n'ayant perdu aucun match pendant une édition (avant tab) 3 fois Angleterre
19%
% de victoires 54.50 Pays-Bas
19%
Nombre de matchs disputés 88 Argentine
16%
Equipe ayant marqué le plus de buts en finale 4 Brésil
16%
Finales consécutives 2 Allemagne
13%
Finales consécutives 2 Brésil
13%
Equipe ayant marqué le plus de buts en une édition 25 Allemagne
10%
Nationalité des joueurs ayant marqués le plus de buts en une édition 10 Allemand
10%
Equipe ayant marqué le plus de buts en une édition 27 Hongrie
10%
Nombre de buts encaissés 130 Allemagne
6%
Nombre de buts encaissés 108 Brésil
6%
Equipe ayant marqué le plus de buts en une édition 23 France
6%
Equipe ayant obtenu la meilleure différence de buts en une édition 17 Hongrie
6%
Nationalité des joueurs ayant marqués le plus de buts en une édition 11 Hongrois
6%
Equipe n'ayant jamais marqué 2006 Trinité-et-Tobago
6%
Nombre de buts encaissés 101 Argentine
3%
Equipe n'ayant jamais marqué 2002 Chine
3%
Rencontre la plus jouée 7 {Allemagne} contre {Argentine}
0%
Rencontre la plus jouée 6 {Allemagne} contre {Yougoslavie}
0%
Rencontre la plus jouée 6 {Argentine} contre {Pays-Bas}
0%
Rencontre la plus jouée 7 {Brésil} contre {Suède}
0%
Equipe n'ayant jamais marqué 1986 Canada
0%
Equipe n'ayant jamais marqué 1994 Grèce
0%
Equipe n'ayant jamais marqué 1938 Indes orientales néerlandaises
0%
Nombre de buts encaissés 101 Mexique
0%
Equipe ayant obtenu la meilleure différence de buts en une édition 8 Néo-Zélandais
0%
Equipe ayant obtenu la meilleure différence de buts en une édition 8 Sud-Africain
0%
Equipe n'ayant jamais marqué 1974 Zaïre
0%
Aucun quiz correspondant
Distribution des résultats
% des personnes avec chaque résultat
Percentile par nombre de réponses
Votre historique - résultats
Vous n’avez pas pris ce quiz